000 00979nam a2200241Ia 4500
003 IN-BaIIA
008 211028s9999 xx 000 0 eng d
020 _a1-58381-203-2
040 _cIIA Library
080 _a082.2:52
_bASP-337
111 _aMeeting on the Nature and Evolution of Disks Around Hot Stars
_cUSA
_d2004 July 7-9
_930462
245 4 _aThe nature and evolution of disks around hot stars
_bproceedings of a meeting held in Johnson City, Tennessee, USA, 7-9 Jul 2004
_cedited by Richard Ignace and K. G. Gayley
260 _aSan Francisco
_bAstronomical Society of the Pacific
_c2005
300 _axiv, 358p.
490 _aASP conference series; v. 337
650 _aEarly stars
_930463
650 _aHot stars
_914693
650 _aStars - evolution
_910853
700 _aGayley, K. G., ed.
_930464
700 _aIgnace, Richard, ed.
_930465
710 _aAstronomical Society of the Pacific
_91154
942 _cBK
999 _c16427
_d16427